000 02434nam a22001577a 4500
999 _c524966
_d524966
008 240202b ||||| |||| 00| 0 eng d
100 _aKatikithala, Srinivas R.
_948356
245 _aMission Karmayogi principles and approach
260 _aISTM Journal of Training Research and Governance
300 _a1(2), Aug, 2021: p.15-28
520 _aMission Karmayogi - National Programme for Civil Services Capacity Building (NPCSCB) is aimed at promoting citizen centred governance and enables the civil services towards bringing about transformative change in the country. A transformational change in Civil Service Capacity will be an effect of change in work culture, strengthening of public institutions and adoption of modern technology with an overall aim of providing efficient services to citizens. The Programme envisions to integrate learning with competency driven decision making to enable strategic public HR management with a multi-pronged approach of capacity building at individual, institutional and process levels for efficient public service delivery. The programme is delivered through setting up of Integrated Government Online Training – iGOT Karmayogi Platform which focuses on ensuring a smooth transition from rule based to role based competency system, launching continuous and readily accessible learning, creating an ecosystem of shared training infrastructure, calibrating Civil Service Positions to FRAC approach and moving towards data analytics to capture various aspects of capacity building and identify policy reform areas. The Programme will deliver initiatives with short-term, mid-term and long-term impact, with attitudinal shifts towards the goal of promoting ease of living for Indians. Mission Karmayogi will ensure that all civil service officials are prepared to deliver high quality services and serve their constitutional role of good governance and leadership. The article provides an introduction on the need of launching Capacity Building for Civil Servants, goals and approach of setting up Mission Karmayogi, different components and pathways of the program and salient features of the programme. – Reproduced https://www.istm.gov.in/home/rti_disclosure/235
650 _aMission Karmayogi, National Programme for Civil Services Capacity Building, NPCSCB
_948357
773 _aISTM Journal of Training Research and Governance
906 _aCIVIL SERVICES
942 _cAR